|
|
|
|
| LEADER |
00000nam0a2200000 4500 |
| 001 |
312781 |
| 005 |
20231102002522.0 |
| 035 |
|
|
|a (RuTPU)RU\TPU\book\338151
|
| 090 |
|
|
|a 312781
|
| 100 |
|
|
|a 20151228d1969 km y0rusy50 ca
|
| 101 |
0 |
|
|a rus
|
| 102 |
|
|
|a RU
|
| 105 |
|
|
|a a g 001zy
|
| 200 |
1 |
|
|a Технологичность конструкций
|e справочное пособие
|f под ред. С. Л. Ананьева , В. П. Купровича
|
| 205 |
|
|
|a 3-е изд., перераб. и доп.
|
| 210 |
|
|
|a Москва
|c Машиностроение
|d 1969
|
| 215 |
|
|
|a 423 с.
|c ил.
|
| 225 |
1 |
|
|a Библиотека конструктора
|
| 320 |
|
|
|a Библиогр. в конце глав
|
| 606 |
1 |
|
|a Машиностроительные конструкции
|x Технологичность
|x Технико-экономический анализ
|2 stltpush
|3 (RuTPU)RU\TPU\subj\41648
|9 61435
|
| 610 |
1 |
|
|a справочники
|
| 610 |
1 |
|
|a сборка
|
| 610 |
1 |
|
|a сварные конструкции
|
| 610 |
1 |
|
|a паяные конструкции
|
| 610 |
1 |
|
|a понятия
|
| 610 |
1 |
|
|a способы
|
| 610 |
1 |
|
|a прочность
|
| 610 |
1 |
|
|a припои
|
| 610 |
1 |
|
|a клепаные конструкции
|
| 610 |
1 |
|
|a механическая обработка
|
| 610 |
1 |
|
|a детали
|
| 610 |
1 |
|
|a электрофизическая обработка
|
| 610 |
1 |
|
|a электрохимическая обработка
|
| 610 |
1 |
|
|a литые детали
|
| 610 |
1 |
|
|a пластическое деформирование
|
| 610 |
1 |
|
|a холодноштампованные детали
|
| 610 |
1 |
|
|a термическая обработка
|
| 610 |
1 |
|
|a гальванические покрытия
|
| 610 |
1 |
|
|a пластические массы
|
| 675 |
|
|
|a 621.001.7(035)
|v 4
|
| 702 |
|
1 |
|a Ананьев
|b С. Л.
|g Сергей Левонович
|4 340
|
| 702 |
|
1 |
|a Купрович
|b В. П.
|4 340
|
| 801 |
|
1 |
|a RU
|b 63413507
|c 20151228
|
| 801 |
|
2 |
|a RU
|b 63413507
|c 20190618
|g RCR
|
| 942 |
|
|
|c BK
|